Normal view
MARC view
Entry Término temático
001 - NÚMERO DE CONTROL
- campo de control: 28555
003 - IDENTIFICADOR DEL NÚMERO DE CONTROL
- campo de control: OSt
005 - FECHA Y HORA DE LA ÚLTIMA TRANSACCIÓN
- campo de control: 20200615033138.0
008 - DATOS DE LONGITUD FIJA
- campo de control de longitud fija: 200615|| aca||aabn | a|a d
040 ## - FUENTE DE LA CATALOGACIÓN
- Centro catalogador/agencia de origen: OSt
- Centro/agencia transcriptor: OSt
150 ## - ENCABEZAMIENTO--TÉRMINO DE MATERIA
- Término de materia o nombre geográfico como elemento de entrada: EDUCACION SUPERIOR -1960-
- Subdivisión general: AMÉRICA LATINA
- Subdivisión cronológica: 1960-
670 ## - FUENTE DE DATOS ENCONTRADOS
- Cita de la fuente: Work cat.: (OSt)11754: Ribeiro, Darcy. 1922-1997 28553, La universidad latinoamericana /, 1971.
